000 01211nam a2200277Ii 4500
001 challengeoflife00moor
003 CaSfIA
005 20210117223221.0
007 cr||||
008 760715s1925 nyu 000 0 eng d
040 _aKSU
_cKSU
_dCaSfIA
035 _a(OCoLC)2314117
050 4 _aBJ1581
_b.M76x
082 4 _a170
100 1 _aMoore, Charles Forrest,
_d1863-
245 1 4 _aThe challenge of life /
_h[electronic resource]
_cby Charles Forrest Moore ; introduction by S. Parkes Cadman.
260 _aNew York :
_bW.E. Rudge,
_c1925.
300 _a176 p. ;
_c25 cm.
650 0 _aConduct of life.
856 4 1 _uhttp://www.archive.org/details/challengeoflife00moor
_zFree eBook from the Internet Archive
856 4 2 _uhttp://www.openlibrary.org/books/OL24375736M
_zAdditional information and access via Open Library
029 1 _aNLGGC
_b091593018
942 _cEB
506 _fНеобхідна авторизація на https://archive.org/ (створення облікового запису безкоштовно)
506 _fНеобхідна авторизація на https://openlibrary.org/ (створення облікового запису безкоштовно)
999 _c479425
_d479425